[Event "Karl Mala Memorial op 15th"]
[Site "Frankfurt"]
[Date "2012.07.07"]
[Round "5"]
[White "Reimer, Otto"]
[Black "Honert, Stefan"]
[Result "1-0"]
[WhiteElo "1940"]
[BlackElo "1574"]
[PlyCount "101"]
[EventDate "2012.07.05"]
[EventType "swiss"]
[EventRounds "7"]
[EventCountry "GER"]
[SourceTitle "CBM 149 Extra"]
[Source "ChessBase"]
[SourceDate "2012.08.24"]
[SourceVersion "1"]
[SourceVersionDate "2012.08.24"]
[SourceQuality "1"]

1. e4 d5 2. exd5 Nf6 3. Nf3 Bf5 4. d4 Qxd5 5. c4 Qe4+ 6. Be2 Qc2 7. Nc3 Qxd1+ 8. Bxd1 e6 9. 0-0 c6 10. Re1 Be7 11. h3 h6 12. Bf4 0-0 13. d5 Bb4 14. g4 Bxc3 15. bxc3 Bd3 16. Ne5 Be4 17. d6 Bh7 18. f3 Rd8 19. c5 Nbd7 20. Nxd7 Nxd7 21. Be3 b6 22. Ba4 Nxc5 23. Bxc5 bxc5 24. Rad1 Rab8 25. Re5 c4 26. Bxc6 Bd3 27. d7 Kf8 28. Bb5 Rb7 29. Rc5 g6 30. a4 Rxb5 31. axb5 Rxd7 32. Ra1 Ke7 33. Ra6 Rb7 34. Kf2 g5 35. Kg3 Kd7 36. h4 f5 37. f4 gxf4+ 38. Kxf4 fxg4 39. Kxg4 h5+ 40. Kf4 Bf5 41. Ke5 Ke7 42. Kd4 Bg4 43. Kxc4 Be2+ 44. Kb4 Bg4 45. Rg5 Kf6 46. Rg8 Ke5 47. Ra8 Bf3 48. R8xa7 Rb8 49. Re7 Bg4 50. c4 Rc8 51. c5 1-0

[Event "Karl Mala Memorial op 15th"]
[Site "Frankfurt"]
[Date "2012.07.05"]
[Round "1"]
[White "Syed, Tareq"]
[Black "Honert, Stefan"]
[Result "1-0"]
[WhiteElo "2082"]
[BlackElo "1574"]
[PlyCount "77"]
[EventDate "2012.07.05"]
[EventType "swiss"]
[EventRounds "7"]
[EventCountry "GER"]
[SourceTitle "CBM 149 Extra"]
[Source "ChessBase"]
[SourceDate "2012.08.24"]
[SourceVersion "1"]
[SourceVersionDate "2012.08.24"]
[SourceQuality "1"]

1. d3 d5 2. g3 Nf6 3. Bg2 Bf5 4. Nd2 c6 5. e4 dxe4 6. dxe4 Bg4 7. f3 Bc8 8. Ne2 e5 9. Nc3 Be7 10. Qe2 0-0 11. Nc4 Nbd7 12. a4 Qc7 13. f4 Bd6 14. f5 b6 15. Ne3 Bb4 16. Ned1 a5 17. g4 Ba6 18. Qf3 Qd6 19. g5 Ne8 20. h4 Rd8 21. Bf1 Nc5 22. Bxa6 Nxa6 23. 0-0 Bc5+ 24. Kh1 Nb4 25. Qg2 Nc7 26. Ne3 Rd7 27. Ng4 Kh8 28. h5 Rfd8 29. Qh2 Ne8 30. Qg2 Rc7 31. Nb1 Rdd7 32. f6 Kg8 33. Ra3 Kh8 34. Rh3 Qf8 35. g6 fxg6 36. fxg7+ Qxg7 37. Bh6 Qg8 38. Nxe5 Rd8 39. hxg6 1-0

[Event "Rhein Main op-B 15th"]
[Site "Bad Homburg"]
[Date "2012.06.09"]
[Round "5"]
[White "Oezdemir, Ali Oezden"]
[Black "Honert, Stefan"]
[Result "1-0"]
[WhiteElo "1260"]
[BlackElo "1593"]
[PlyCount "49"]
[EventDate "2012.06.06"]
[EventType "swiss"]
[EventRounds "7"]
[EventCountry "GER"]
[SourceTitle "EXT 2013"]
[Source "ChessBase"]
[SourceDate "2012.11.22"]
[SourceVersion "1"]
[SourceVersionDate "2012.11.22"]
[SourceQuality "1"]

1. e4 d5 2. exd5 Nf6 3. Nc3 Nxd5 4. Bc4 e6 5. Qf3 Nb6 6. Bb3 Nc6 7. Nge2 Bd6 8. 0-0 Qe7 9. d4 Na5 10. Nb5 Nxb3 11. axb3 a6 12. Nxd6+ cxd6 13. Re1 0-0 14. Ng3 d5 15. Bf4 Qd7 16. Re3 f6 17. Nh5 Qf7 18. Bd6 Re8 19. Rc3 Rd8 20. Bc7 Nc4 21. Bxd8 Nd2 22. Qe2 Ne4 23. Rc7 Qf8 24. Rxg7+ Kh8 25. f3 1-0

[Event "Frankfurt-chA"]
[Site "Frankfurt"]
[Date "2012.05.08"]
[Round "2"]
[White "Honert, Stefan"]
[Black "Becker, Karl Heinz"]
[Result "0-1"]
[WhiteElo "1345"]
[BlackElo "1652"]
[PlyCount "102"]
[EventDate "2012.04.30"]
[EventType "swiss"]
[EventRounds "7"]
[EventCountry "GER"]
[SourceTitle "EXT 2013"]
[Source "ChessBase"]
[SourceDate "2012.11.22"]
[SourceVersion "1"]
[SourceVersionDate "2012.11.22"]
[SourceQuality "1"]

1. d4 Nf6 2. c4 g6 3. Nc3 Bg7 4. e4 d6 5. f4 0-0 6. Nf3 c5 7. dxc5 dxc5 8. Qxd8 Rxd8 9. e5 Ne8 10. Be3 b6 11. Nd5 Nc6 12. 0-0-0 Bb7 13. Be2 e6 14. Nc3 f6 15. exf6 Bxf6 16. Ne4 Bh8 17. Neg5 Nc7 18. h4 Rxd1+ 19. Bxd1 Rd8 20. h5 h6 21. Nh3 gxh5 22. Nf2 Nd4 23. Bxd4 Bxd4 24. Nd3 Be3+ 25. Kc2 Be4 26. Nfe5 Bxf4 27. Bf3 Bf5 28. Kc3 Bg5 29. Re1 Bf6 30. Be4 Rd4 31. Bxf5 exf5 32. Kc2 Kg7 33. b3 Bxe5 34. Nxe5 Re4 35. Kd2 Rxe1 36. Kxe1 Kf6 37. Nd3 Ne6 38. Kf2 f4 39. Ne1 Nd4 40. Nd3 Kf5 41. Kf1 h4 42. Nf2 h5 43. Ke1 f3 44. gxf3 Nxf3+ 45. Ke2 Ng5 46. Nd3 h3 47. Kf2 Ke4 48. Ke2 h2 49. Nf2+ Kf4 50. Nh1 Ne4 51. Kf1 Kf3 0-1

[Event "Rhein Main op-B 14th"]
[Site "Bad Homburg"]
[Date "2011.06.25"]
[Round "5"]
[White "Honert, Stefan"]
[Black "Klowski, Bjoern Sigurd"]
[Result "1/2-1/2"]
[WhiteElo "1392"]
[BlackElo "1636"]
[PlyCount "31"]
[EventDate "2011.06.22"]
[EventType "swiss"]
[EventRounds "7"]
[EventCountry "GER"]
[SourceTitle "EXT 2012"]
[Source "ChessBase"]
[SourceDate "2011.11.24"]
[SourceVersion "1"]
[SourceVersionDate "2011.11.24"]
[SourceQuality "1"]

1. d4 d5 2. c4 e6 3. Nf3 Nf6 4. Nc3 Bb4 5. Qa4+ Nc6 6. a3 Bxc3+ 7. bxc3 Bd7 8. cxd5 Nxd5 9. Qc2 f5 10. Bg5 Nf6 11. e4 fxe4 12. Bxf6 Qxf6 13. Qxe4 0-0 14. Bd3 Qf5 15. 0-0 g6 16. Rfe1 1/2-1/2

[Event "Rhein Main op-B 14th"]
[Site "Bad Homburg"]
[Date "2011.06.22"]
[Round "1"]
[White "Krischak, Werner"]
[Black "Honert, Stefan"]
[Result "1-0"]
[WhiteElo "1821"]
[BlackElo "1392"]
[PlyCount "81"]
[EventDate "2011.06.22"]
[EventType "swiss"]
[EventRounds "7"]
[EventCountry "GER"]
[SourceTitle "EXT 2012"]
[Source "ChessBase"]
[SourceDate "2011.11.24"]
[SourceVersion "1"]
[SourceVersionDate "2011.11.24"]
[SourceQuality "1"]

1. d4 d5 2. c4 e6 3. Nc3 c5 4. Nf3 Nc6 5. cxd5 exd5 6. Bf4 Nf6 7. e3 a6 8. Rc1 Be7 9. a3 cxd4 10. Nxd4 Nxd4 11. Qxd4 0-0 12. Be2 Be6 13. 0-0 Rc8 14. Bf3 Qd7 15. Rfd1 Rfd8 16. Na4 Qb5 17. Bc7 Rxc7 18. Rxc7 Bd6 19. Rcc1 Qd7 20. Nc5 Qe7 21. Nxe6 fxe6 22. g3 Nd7 23. Bxd5 Be5 24. Bxe6+ Qxe6 25. Qd5 Qxd5 26. Rxd5 Bxb2 27. Rcd1 Bxa3 28. Rxd7 Rxd7 29. Rxd7 b5 30. Ra7 Bc5 31. Rxa6 b4 32. Rc6 Be7 33. Kf1 Kf8 34. Ke2 Ke8 35. Kd3 Kf7 36. Kc4 g6 37. h4 Ke8 38. Rc7 Kd8 39. Rb7 Ke8 40. Kd5 Kf8 41. Ke6 1-0

[Event "Frankfurt-ch"]
[Site "Frankfurt"]
[Date "2010.05.17"]
[Round "4"]
[White "Richter, Wolfram"]
[Black "Honert, Stefan"]
[Result "1-0"]
[WhiteElo "1560"]
[BlackElo "1271"]
[PlyCount "53"]
[EventDate "2010.04.26"]
[EventType "swiss"]
[EventRounds "7"]
[EventCountry "GER"]
[SourceTitle "EXT 2011"]
[Source "ChessBase"]
[SourceDate "2010.11.26"]
[SourceVersion "1"]
[SourceVersionDate "2010.11.26"]
[SourceQuality "1"]

1. Nf3 d5 2. g3 e6 3. Bg2 c5 4. 0-0 Nc6 5. d4 Nf6 6. c4 Be7 7. cxd5 exd5 8. a3 0-0 9. Bg5 Ne4 10. Bxe7 Qxe7 11. Nc3 Nxc3 12. bxc3 Be6 13. Ra2 c4 14. Re1 Rfd8 15. e4 dxe4 16. Rxe4 Qd6 17. Ng5 Bd5 18. Rf4 Qg6 19. Ne4 Ne7 20. Re2 Re8 21. Qe1 Kf8 22. Bf3 Qh6 23. Rh4 Qc6 24. Rxh7 Ng6 25. Rh5 Re7 26. Rf5 Nh4 27. gxh4 1-0

[Event "Frankfurt-ch"]
[Site "Frankfurt"]
[Date "2008.05.05"]
[Round "2"]
[White "Honert, Stefan"]
[Black "Mustafa, Wail"]
[Result "0-1"]
[WhiteElo "1289"]
[BlackElo "2104"]
[PlyCount "66"]
[EventDate "2008.04.28"]
[EventType "swiss"]
[EventRounds "7"]
[EventCountry "GER"]
[SourceTitle "EXT 2009"]
[Source "ChessBase"]
[SourceDate "2008.11.26"]
[SourceVersion "1"]
[SourceVersionDate "2008.11.26"]
[SourceQuality "1"]

1. d4 d5 2. c4 c6 3. Nf3 dxc4 4. e3 b5 5. Nc3 e6 6. a3 Nf6 7. Be2 Nbd7 8. 0-0 Bb7 9. b3 cxb3 10. Qxb3 a6 11. Rd1 Be7 12. Bb2 0-0 13. Rac1 Qa5 14. Nb1 Rac8 15. Bc3 Qb6 16. Nbd2 c5 17. Ne5 Nxe5 18. dxe5 Nd5 19. Ne4 c4 20. Qb2 Nxe3 21. Rd4 Nf5 22. Nf6+ Bxf6 23. exf6 e5 24. Rg4 Qxf6 25. Bxc4 Rxc4 26. Rxc4 Qg5 27. f4 exf4 28. Rc5 f3 29. Rxf5 Qxf5 30. Rf1 Rc8 31. Qd2 h6 32. Bb2 Rc2 33. Rxf3 Bxf3 0-1